Analýza systému manažmentu merania vo firme
Gespeichert in:
| 1. Verfasser: | |
|---|---|
| Weitere Verfasser: | |
| Format: | Manuskript Buch |
| Sprache: | Slowakisch |
| Veröffentlicht: |
2022
|
| Schlagworte: | |
| Online-Zugang: | http://is.stuba.sk/zp/portal_zp.pl?podrobnosti=157398 |
| Tags: |
Keine Tags, Fügen Sie das erste Tag hinzu!
|
MARC
| LEADER | 00000ntm a22000003a 4500 | ||
|---|---|---|---|
| 001 | stuzp88794 | ||
| 003 | SK-STU | ||
| 005 | 20220611211446.7 | ||
| 007 | ta | ||
| 008 | 150427s2015----xo-----f-mn---000-0-slo-d | ||
| 040 | |a STU |b slo | ||
| 041 | 0 | |a slo | |
| 100 | 1 | |a Medrický, Peter |u 020020 |k Z4 |4 aut |U SjF Strojnícka fakulta |T SjF Ústav automatizácie, merania a aplikovanej informatiky |X 105082 |U J0020 |Y 802 |7 105082 | |
| 242 | 0 | 1 | |a Analysis of the measurement management system in the company |y eng |
| 245 | 1 | 0 | |a Analýza systému manažmentu merania vo firme |
| 260 | |c 2022 | ||
| 650 | 4 | |a systémy manažmentu merania |2 slo | |
| 650 | 4 | |a Automotive |2 slo | |
| 650 | 4 | |a metrológia |2 slo | |
| 650 | 4 | |a priemysel |2 slo | |
| 650 | 4 | |a meracie zariadenia |2 slo | |
| 650 | 4 | |a measurement management systems |2 eng | |
| 650 | 4 | |a metrology |2 eng | |
| 650 | 4 | |a industry |2 eng | |
| 650 | 4 | |a measuring equipment |2 eng | |
| 650 | 4 | |a Automotive |2 eng | |
| 700 | 1 | |a Rybář, Jan |u 020020 |k Z2 |4 ths |U SjF Strojnícka fakulta |T SjF Ústav automatizácie, merania a aplikovanej informatiky |X 42048 |U J0020 |Y 802 |7 A000042048 | |
| 856 | 4 | |u http://is.stuba.sk/zp/portal_zp.pl?podrobnosti=157398 | |
| 996 | |b 284J046992 |c J* 3492/DBP |l JJSK |s A |a 24 |w stuzp88794_0001 | ||